• 首页
  • 本馆介绍
  • 公告通知
  • 最新文献
  • 馆藏检索
  • 电子资源
  • 读者导购
  • 参考咨询
  • 我的图书馆
  • 登录
  • 详细信息显示
  • 放入我的书架
  • 预约/预借图书
  • 作者相关作品
  • 分类相关作品
  • 丛书相关作品
  • 出版社相关作品

书目信息

  • 表格格式
  • 工作单格式
  • 卡片格式
题名:
国际4A广告公司媒介策划基础
    
 
作者: 朱海松 编著
分册:  
出版信息: 北京   中国市场出版社  2009
页数: 11,236页
开本: 24cm
丛书名: 国际4A广告丛书
单 册:
中图分类: F713.81
科图分类:
主题词: 广告--策划 , 广告 , 策划
电子资源:
ISBN: 978-7-5092-0444-3
000 01148oam2 2200289 45
001 1130159031
005 20110309090710.37
010    @a978-7-5092-0444-3@dCNY34.80
100    @a20110110d2009 ekmy0chiy0120 ea
101 0  @achi
102    @aCN@b110000
105    @ay z 000yy
106    @ar
200 1  @a国际4A广告公司媒介策划基础@AGuo Ji 4A Guang Gao Gong Si Mei Jie Ce Hua Ji Chu@dInternational 4A advertising agency media planning foundation@f朱海松编著@FZhu Hai Song Bian Zhu@zeng
210    @a北京@c中国市场出版社@d2009
215    @a11,236页@d24cm
225 2  @a国际4A广告丛书
330    @a本书从广告公司的角度系统地阐述了制定媒介计划的思考步骤和具体的定量标准,对媒介的基本概念和公式,如何制订媒介计划,如何评估媒介计划,如何执行媒介计划,如何沟通媒介计划,如何调整媒介计划等一系列媒介基础问题进行了阐述。
461  0 @12001 @a国际4A广告丛书
510 1  @aInternational 4A advertising agency media planning foundation@zeng
606 0  @a广告@x策划
606 0  @a广告
606 0  @a策划
690    @aF713.81@v4
701  0 @a朱海松@AZhu Hai Song@4编著
801  0 @aCN@bTANGWEI@c20110309
905    @b0529961-64@dF713.81@e535@f4
    
    国际4A广告公司媒介策划基础=International 4A advertising agency media planning foundation/朱海松编著.-北京:中国市场出版社,2009
    11,236页;24cm.-(国际4A广告丛书)
    
    
    ISBN 978-7-5092-0444-3:CNY34.80
    本书从广告公司的角度系统地阐述了制定媒介计划的思考步骤和具体的定量标准,对媒介的基本概念和公式,如何制订媒介计划,如何评估媒介计划,如何执行媒介计划,如何沟通媒介计划,如何调整媒介计划等一系列媒介基础问题进行了阐述。
●
相关链接 在E读中查询图书 在五车中查询图书 在当当中查询图书 在豆瓣中查询图书


正题名:国际4A广告公司媒介策划基础     索取号:F713.81/535         预约/预借

序号 登录号 条形码 馆藏地/架位号 状态 备注
1 0529961   205299611   第一样本阅览室/ [索取号:F713.81/535] 在馆    
2 0529962   205299620   密集书库-文学院/ [索取号:F713.81/535] 在馆    
3 0529963   205299639   第一借阅区/ [索取号:F713.81/535] 在馆    
4 0529964   205299648   第一借阅区/ [索取号:F713.81/535] 在馆    
唐山师范学院图书馆 欢迎您!
大连网信软件有限公司© 版权所有